000 00879nas a2200289 4500
001 BR0104581
003 BR-BrBNA
005 20231205102541.0
007 ta
008 230509b bl.|||p| |||| 00| 00por d
040 _aBR-BrBNA
_bpor
_cBiblioteca Nacional de Agricultura
041 _a(Pt)
072 _aF62
100 1 _aJacome, A.G.
100 1 _aSoares, J.J.
100 1 _aOliveira, R.H. de
100 1 _aCordao Sobrinho, F.P.
245 1 _aEfeito da remocao de folhas no desenvolvimento vegetativo e na producao do algodoeiro
650 _aAlgodao
650 _aFolha
650 _aCaule
650 _aEtapa de Desenvolvimento da Planta
650 _aProducao Vegetal
773 0 _tPesquisa Agropecuaria Brasileira (Brazil)
_xISSN 0100-204X
_g(May 2001), v. 36(5) p. 751-755
_wBR0104581
909 _a202311
_bLúcia
_c55
_dLúcia Elande
942 _2AGRIS
_n0
_cANA
999 _c168116
_d168116